000 00364nam a2200121Ia 4500
008 210430s9999 xx 000 0 und d
082 _a620.11 S5241 E
100 _aC.P.Sharma
_954136
245 _aEngineering Materials Propertiesand Applications of metals and Alloys
_cC.P.Sharma
260 _aNew Delhi
_bPhl Learning
_c2004
300 _a258p
942 _cBK
_2ddc
999 _c564608
_d564608